Normal view
MARC view
- Armitage, M.J. & Mason, R. A
Entry Personal Name
001 - CONTROL NUMBER
- control field: 90542
003 - CONTROL NUMBER IDENTIFIER
- control field: NUST
005 - DATE AND TIME OF LATEST TRANSACTION
- control field: 20220310104843.0
008 - FIXED-LENGTH DATA ELEMENTS
- fixed length control field: 220310|| aca||aabn | a|a d
040 ## - CATALOGING SOURCE
- Original cataloging agency: NUST
- Transcribing agency: NUST
100 ## - HEADING--PERSONAL NAME
- Personal name: Armitage, M.J. & Mason, R. A
670 ## - SOURCE DATA FOUND
- Source citation: Work cat.: (NUST): Armitage, M.J. & Mason, R. A., Air Power in The Nuclear Age, 1945-82, 1983.
